| 000 | 00634nam a2200205Ia 4500 | ||
|---|---|---|---|
| 005 | 20250507130348.0 | ||
| 008 | 008 250505s9999 xx 000 0 eng d | ||
| 020 | _a1920288028536 | ||
| 037 | _aAnnuals, Advances | ||
| 040 |
_aEASL _beng _cEASL |
||
| 041 |
_aeng _2eng |
||
| 084 |
_aY2-31.42.P0, P4 _qEASL |
||
| 100 |
_aPartner Simon Au. _9665302 |
||
| 245 | 0 | _aToshie:A story of village life in twentieth century Japan | |
| 260 |
_aUSA _bBerkeley University of California press _c2004 |
||
| 300 | _axv,195p. | ||
| 365 |
_aY _b2,995 |
||
| 942 |
_cTEXL _hY2-31.42.P0, P4 |
||
| 999 |
_c1319243 _d1319243 |
||